Les verbes irréguliers en anglais (TP) - Statistiques

Statistiques générales
  • Ce quiz a été pris 446 fois
    428 depuis la dernière actualisation
  • Le résultat moyen est 92 sur 142
Statistiques - réponses
Verbe Prétérit(V-ed)/Participe passé(V-en)/Traduction % Correct
become became/become/devenir
91%
begin began/begun/commencer
89%
bite bit/bitten/mordre
88%
come came/come/venir
87%
cut cut/cut/couper
87%
buy bought/bought/acheter
85%
break broke/broken/casser
85%
choose chose/chosen/choisir
85%
eat ate/eaten/manger
84%
build built/built/construire
84%
do did/done/faire
84%
give gave/given/donner
84%
run ran/run/courir
84%
go went/gone/aller
84%
bet bet/bet/parier
83%
drive drove/driven/construire
83%
cost cost/cost/coûter
82%
drink drank/drunk/boire
82%
fall fell/fallen/tomber
82%
have had/had/avoir
82%
read read/read/lire
82%
see saw/seen/voir
82%
draw drew/drawn/dessiner
81%
know knew/known/savoir
81%
meet met/met/rencontrer
81%
put put/put/mettre
81%
burn burnt/burnt/brûler
80%
forget forgot/forgotten/oublier
79%
hurt hurt/hurt/blesser
79%
speak spoke/spoken/parler
79%
awake awoke/awoken/se réveiller
78%
blow blew/blown/soufler
78%
find found/found/trouver
78%
get got/got/obtenir
78%
hit hit/hit/frapper
78%
keep kept/kept/garder
78%
pay paid/paid/payer
78%
sleep slept/slept/dormir
78%
write wrote/written/écrire
78%
dream dreamt/dreamt/rêver
77%
forgive forgave/forgiven/partager
77%
grow grew/grown/grandir
77%
learn learnt/learnt/apprendre
77%
say said/said/dire
77%
sing sang/sung/chanter
77%
catch caught/caught/attraper
76%
fly flew/flown/voler
76%
fight fought/fought/combattre
76%
make made/made/fabriquer
76%
mean meant/meant/signifer
76%
lose lost/lost/perdre
75%
understand understood/understood/comprendre
75%
win won/won/gagner
75%
let let/let/permettre
74%
take took/taken/prendre
74%
arise arose/arisen/s'élever
73%
bleed bled/bled/saigner
73%
freeze froze/frozen/geler
73%
hear heard/heard/entendre
73%
quit quit/quit/cesser
73%
ring rang/rung/sonner
73%
shoot shot/shot/tirer
73%
wake woke/woken/se réveiller
73%
feed fed/fed/nourrir
72%
cast cast/cast/jeter
71%
forbid forbade/forbidden/interdire
71%
hide hid/hidden
71%
overcome overcame/overcome/surmonter
71%
ride rode/ridden/chevaucher
71%
rise rose/risen/s'élever
71%
shut shut/shut/fermer
71%
swim swam/swum/nager
71%
bring brought/brought/apporter
69%
leave left/left/quitter
69%
bend bent/bent/se courber
68%
breed bred/bred/s'élever
68%
lean leant/leant/s'appuyer
68%
hold held/held/tenir
67%
hang hung/hung/pendre
67%
smell smelt/smelt/sentir
67%
spend spent/spent/dépenser
67%
think thought/tought/penser
67%
sit sat/sat/être assis
66%
show showed/shown/montrer
66%
tell told/told/dire
66%
shake shook/shaken/secouer
65%
steal stole/stolen/voler
65%
burst burst/burst/éclater
63%
deal dealt/dealt/distribuer
63%
slide slid/sild/glisser
63%
spell spelt/spelt/épeler
63%
spread spread/spread/répandre
63%
throw threw/thrown/jeter
63%
lent lent/lent/prêter
62%
wear wore/worn/porter
61%
lay laid/laid/poser à plat
60%
lead led/led/mener
60%
sink sank/sunk/couler
60%
sell sold/sold/vendre
60%
shine shone/shone/briller
59%
creep crept/crept/ramper
58%
teach taught/taught/enseigner
58%
dig dug/dug/creuser
57%
stand stood/stood/être debout
57%
swear swore/sworn/jurer
54%
withdraw withdrew/withdrawn/se retirer
54%
spring sprang/sprung/bondir
53%
bear bore/borne/supporter
52%
kneel knelt/knelt/s'agenouiller
52%
leap leapt/leapt/sauter
52%
upset upset/upset/bouleverser
52%
lie lay/lain/être étendu
48%
sweep swept/swept/balayer
48%
undergo underwent/undergone/subir
48%
weep wept/wept/pleurer
48%
cling clung/clung/s'accrocher
47%
split split/split/split/fendre
47%
stick stuck/stuck/coller
47%
mow mowed/mown/tondre
45%
swing swung/swung/balancer
44%
light lit/lit/allumer
43%
spoil spoilt/spoilt/gâcher
43%
stink stunk/stunk/puer
43%
grind ground/ground/moudre
42%
sting stung/stung/piquer
40%
stride strode/stridden/marcher à grands pas
39%
tear tore/torn/déchirer
39%
spit spat/spat/cracher
38%
spill spilt/spilt/renverser
38%
wring wrung/wrung/tordre
38%
bind bound/bound/lier
37%
flee fled/fled/s'enfuir
37%
thurst thurst/thurst/enfoncer
37%
string strung/strung/enfiler
34%
strike struck/struck/frapper
29%
strive stroven/striven/s'efforcer
26%
seek sought/sought/chercher
23%
tread trod/trodden/fouler aux pieds
21%
wind wound/wound/enrouler
21%
weave wove/woven/tisser
21%
swell swelled/swollen/enfler
19%
spreed sped/sped/aller à toute vitesse
4%
Aucun quiz correspondant
Distribution des résultats
% des personnes avec chaque résultat
Percentile par nombre de réponses
Votre historique - résultats
Vous n’avez pas pris ce quiz depuis la dernière actualisation